<?xml version="1.0" encoding="UTF-8"?><?xml-stylesheet type="text/xsl" href="static/style.xsl"?><OAI-PMH xmlns="http://www.openarchives.org/OAI/2.0/" xmlns:xsi="http://www.w3.org/2001/XMLSchema-instance" xsi:schemaLocation="http://www.openarchives.org/OAI/2.0/ http://www.openarchives.org/OAI/2.0/OAI-PMH.xsd"><responseDate>2026-04-27T21:23:53Z</responseDate><request verb="GetRecord" identifier="oai:uvadoc.uva.es:10324/19048" metadataPrefix="marc">https://uvadoc.uva.es/oai/request</request><GetRecord><record><header><identifier>oai:uvadoc.uva.es:10324/19048</identifier><datestamp>2021-06-29T15:58:56Z</datestamp><setSpec>com_10324_38</setSpec><setSpec>col_10324_852</setSpec></header><metadata><record xmlns="http://www.loc.gov/MARC21/slim" xmlns:doc="http://www.lyncode.com/xoai" xmlns:xsi="http://www.w3.org/2001/XMLSchema-instance" xmlns:dcterms="http://purl.org/dc/terms/" xsi:schemaLocation="http://www.loc.gov/MARC21/slim http://www.loc.gov/standards/marcxml/schema/MARC21slim.xsd">
<leader>00925njm 22002777a 4500</leader>
<datafield tag="042" ind1=" " ind2=" ">
<subfield code="a">dc</subfield>
</datafield>
<datafield tag="720" ind1=" " ind2=" ">
<subfield code="a">Sarmiento Álvarez, Iván</subfield>
<subfield code="e">author</subfield>
</datafield>
<datafield tag="260" ind1=" " ind2=" ">
<subfield code="c">2016</subfield>
</datafield>
<datafield tag="520" ind1=" " ind2=" ">
<subfield code="a">El proyecto consiste en la creación de una senda forestal interpretativa en el M.U.P. 002 perteneciente a la localidad de Valdehuesa, municipio de Boñar (León). El objetivo principal es dar a conocer la fauna y flora de la zona. Toda la senda transcurrirá en los alrededores del Museo de la Fauna Salvaje de Boñar. En todo su transcurso habrá paneles informativos y señalización con balizas.</subfield>
</datafield>
<datafield tag="024" ind2=" " ind1="8">
<subfield code="a">http://uvadoc.uva.es/handle/10324/19048</subfield>
</datafield>
<datafield ind1=" " ind2=" " tag="653">
<subfield code="a">Vías forestales - España - León (Provincia)</subfield>
</datafield>
<datafield tag="245" ind1="0" ind2="0">
<subfield code="a">Proyecto de creación y adecuación de una senda forestal interpretativa en el M.U.P. 002 del  término municipal de Boñar (León).</subfield>
</datafield>
</record></metadata></record></GetRecord></OAI-PMH>